000
00285nam a2200133Ia 4500
100
_a
Brandt/N.B
942
_c
BK
654
_a
Metals
245
_a
Electronic Structure of Metals
260
_b
Mir Publishers
_a
Moscow
_c
1975
082
_a
539.14
300
_a
336
546
_a
ENGLISH
999
_c
26657
_d
26657